000 00557nam a2200193Ia 4500
003 GCL
008 140319s9999 xx 000 0 ara d
040 _aGCL /
_cGCL
082 0 4 _a953
_bع ت
100 1 _aعمادالدين خليل
245 1 0 _aتحليل التاريخ الاسلامى /
_cعمادالدين خليل
260 _a[S.N] :
_bدار الثقافة العربية ،
_c1990
300 _a256 ص
490 _a
650 0 4 _aتاريخ
650 0 4 _aالاسلام
650 0 4 _aالتاريخ الاسلامى
942 _2ddc
_cBK
999 _c53398
_d53398